000 00618nam a22002297a 4500
005 20200910145939.0
008 200910b xxu||||| |||| 00| 0 spa d
020 _a9788416415731
041 _aspa
082 _a621.319.24 I59i
245 _aInstalaciones eléctricas interiores
260 _aEspaña
260 _bAltamar
260 _c2017
300 _a319 páginas
650 _aELECTRÓNICA
_91815
650 _aELECTRICIDAD
_91462
650 _aINSTALACIONES ELÉCTRICAS INTERIORES
_958614
650 _aMONTAJE DE INSTALACIONES
_958615
650 _aDISPOSITIVOS DE ALUMBRADO
_958616
942 _cBK
999 _c12745
_d12745